000 00444nam a2200181Ia 4500
005 20250423100756.0
008 250422s9999 xx 000 0 und d
020 _a9789785382662
050 _aKP 104 .O8/
100 _aOsamolu, S., Oduwole, O.& Oba, C.
245 0 _aReal property law and practice in Nigeria
250 _a2nd ed.
260 _aLagos
260 _bPanaf press Nig.
260 _c2016
300 _a628 p
942 _cBK
999 _c34305
_d34305